000 00517nam a2200193Ia 4500
008 151119s9999||||xx |||||||||||||| ||und||
082 _a891.463
082 _bGKKV6406
100 _aबांदोडकर गो पु
245 _aभागीदार
260 _a--
260 _b--
260 _c0
600 _aबांदोडकर गो पु
630 _aभागीदार
700 _aबांदोडकर गो पु
730 _aभागीदार
942 _cBOOK
999 _c1061263
_d1061260